| 000 | 00529nam a22002057a 4500 | ||
|---|---|---|---|
| 005 | 20180728162635.0 | ||
| 008 | 180728b xxu||||| |||| 00| 0 eng d | ||
| 010 | _aB-043025 | ||
| 020 | _a0753703920 | ||
| 035 | _aB-043025 | ||
| 037 | _bBPPD/PUB | ||
| 040 |
_adpl _bEnglish |
||
| 082 | _aN | ||
| 100 | _aEliot, George | ||
| 245 |
_aMiddlemarch _cGeorge Eliot |
||
| 260 |
_aLondon _bChancellor Press _c2001 |
||
| 270 |
_a2-4 Heron Quays _bLondon _eE14 4JP |
||
| 300 |
_a851p. _c22cm (Hb) |
||
| 942 |
_adpl _cEN _2ddc _hN _mELI |
||
| 999 |
_c155074 _d155074 |
||